History Quiz

Random History Quiz

US Government Last Five Quiz Stats

Quiz Updated Mar 7, 2017

Also try: The Last Five
Challenge
Share
Tweet
Embed
Score 0/40 Timer 08:00
0 Plays Today
% Correct
George W Bush
99.4%
Barack Obama
99.2%
Bill Clinton
99.2%
George HW Bush
99.1%
Hillary Clinton
98.6%
Donald Trump
97.1%
Joe Biden
90.4%
Mike Pence
89.5%
Al Gore
89.4%
Dick Cheney
89.2%
Nancy Pelosi
79.1%
Paul Ryan
77.3%
Condoleezza Rice
59.8%
Dan Quayle
57.9%
Colin Powell
55.3%
John Roberts
55.1%
Newt Gingrich
52.4%
Harry Reid
47.6%
William Rehnquist
37.8%
Rex Tillerson
31.7%
% Correct
Eric Holder
31.2%
Loretta Lynch
30.4%
Earl Warren
30.4%
Jeff Sessions
26.8%
Alberto Gonzales
23.5%
Warren Burger
23.4%
John Boehner
23.4%
Dennis Hastert
21.2%
Orrin Hatch
20.7%
Robert Byrd
20.6%
Mitch McConnell
19.3%
Daniel Inouye
18.1%
Trent Lott
18%
Tom Daschle
17%
John Kerry
15.9%
Patrick Leahy
13.5%
Bill Frist
12.6%
Ted Stevens
11.4%
Michael Mukasey
7.6%
Frederick Vinson
6.5%

You're not logged in!

Compare scores with friends on all Sporcle quizzes.
Sign Up with Email
OR
Log In

You Might Also Like...

Show Comments

Extras

Top Quizzes Today


Score Distribution

Your Account Isn't Verified!

In order to create a playlist on Sporcle, you need to verify the email address you used during registration. Go to your Sporcle Settings to finish the process.